Animals Named After Other Animals - Statistics

General Stats
  • This quiz has been taken 32 times
  • The average score is 13 of 32
Answer Stats
Picture Hint Answer % Correct
{Cat}fish
92%
Mythological creature {Dragon}fly
92%
Sea {Lion}
92%
Hedge{hog}
84%
Prairie {Dog}
84%
{Whale} Shark
84%
Silver{fish}
76%
Mountain {Lion}
72%
{Lion}fish
64%
Not a real rat Naked {Mole} Rat
64%
Flying {Fox}
56%
{Rhinoceros} Beetle
56%
{Bee} Hummingbird
40%
{Alligator} Snapping Turtle
36%
Mythological creature {Unicorn} Fish
36%
{Spider} Crab
32%
{Wolf} Spider
32%
Not a real rat {Kangaroo} Rat
24%
{Swallow}tail
24%
Not a real shrew {Elephant} Shrew
16%
{Giraffe} Weevil
16%
{Hawk} Moth
16%
{Leopard} Frog
16%
{Scorpion} Fly
16%
{Tiger} Barb
16%
Mythological creature {Chimaera}
12%
{Zebra} Finch
12%
{Bumblebee} Goby
8%
{Mole} Cricket
8%
Mountain {Chicken}
8%
{Panda} Corydoras
4%
Red-Eyed {Crocodile} Skink
4%
No matching quizzes found
Score Distribution
Percent of People with Each Score
Percentile by Number Answered
Your Score History
You have not taken this quiz